000 00902nas a2200313 4500
001 BR9901406
003 BR-BrBNA
005 20231205101322.0
007 ta
008 230509b bl.|||p| |||| 00| 00por d
040 _aBR-BrBNA
_bpor
_cBiblioteca Nacional de Agricultura
041 _a(Pt)
072 _aF30
100 1 _aMonteiro, A.A.T.
100 1 _aCarvalho, H.W.L. de
100 1 _aPacheco, C.A.P.
100 1 _aSantos, M.X. dos
100 1 _aAntero Neto, J.F.
100 1 _aLeal, M. de L. da S.
245 1 _aAdaptabilidade e estabilidade de cultivares de milho no Estado do Ceara
650 _aMilho
650 _aGenotipo
650 _aVariedade
650 _aCondicao Ambiental
650 _aCeara
773 0 _tRevista Cientifica Rural (Brazil)
_xISSN 1413-8263
_g(1998), v. 3(2) p. 1-10
_wBR9901406
909 _a202311
_bLúcia
_c55
_dLúcia Elande
942 _2AGRIS
_n0
_cANA
999 _c161098
_d161098